Khoa học 5

Đã lưu trong:
书目详细资料
主要作者: Bùi, Phương Nga
其他作者: Lương, Việt Thái
格式: 图书
语言:Undetermined
出版: H. Giáo dục 2006
主题:
在线阅读:http://lrc.tdmu.edu.vn/opac/search/detail.asp?aID=2&ID=4572
标签: 添加标签
没有标签, 成为第一个标记此记录!
Thư viện lưu trữ: Trung tâm Học liệu Trường Đại học Thủ Dầu Một
LEADER 00583nam a2200205Ia 4500
001 TDMU_4572
008 210410s9999 xx 000 0 und d
082 |a 372.35 
090 |b B510 
100 |a Bùi, Phương Nga 
245 0 |a Khoa học 5 
245 0 |c Bùi Phương Nga 
260 |a H. 
260 |b Giáo dục 
260 |c 2006 
300 |a 152tr 
650 |a Sách lớp 5 
700 |a Lương, Việt Thái 
856 |u http://lrc.tdmu.edu.vn/opac/search/detail.asp?aID=2&ID=4572 
980 |a Trung tâm Học liệu Trường Đại học Thủ Dầu Một